States By Their Counties - Statistics

General Stats
  • This quiz has been taken 880 times
  • The average score is 27 of 50
Answer Stats
Hint Answer % Correct
Honolulu, Kauai, Maui Hawaii
99%
Erie, Oneida, Queens New York
96%
Alameda, Napa, Orange California
95%
Glades, Miami-Dade, Okeechobee Florida
95%
Bernalillo, Hidalgo, Santa Fe New Mexico
90%
Nantucket, Plymouth, Suffolk Massachusetts
87%
Bristol, Newport, Providence Rhode Island
87%
Denali, Hoonah-Angoon, Kodiak Alaska
85%
Baldwin, Mobile, Tuscaloosa Alabama
84%
Boulder, El Paso, Yuma Colorado
84%
Accomack, Fairfax, Roanoke Virginia
82%
Leavenworth, Shawnee, Wichita Kansas
79%
Comanche, Pottawatomie, Tulsa Oklahoma
76%
Missoula, Petroleum, Yellowstone Montana
74%
Apache, Gila, Yavapai Arizona
66%
Kenosha, Marathon, Waukesha Wisconsin
66%
Durham, Mecklenburg, Wake North Carolina
64%
Skagit, Snohomish, Yakima Washington
63%
Burlington, Camden, Cape May New Jersey
62%
Cape Girardeau, Gasconade, St. Louis Missouri
61%
Big Horn, Laramie, Sweetwater Wyoming
59%
Allegan, Chippewa, Kalamazoo Michigan
55%
Piute, Summit, Uintah Utah
55%
Fairfield, Litchfield, Middlesex Connecticut
53%
Lackawanna, Schuylkill, York Pennsylvania
52%
Greenville, Lexington, Marlboro South Carolina
52%
Cuyahoga, Licking, Trumbull Ohio
50%
Fort Bend, Gonzales, Loving Texas
50%
Kennebec, Penobscot, Sagadahoc Maine
45%
Grand Forks, Morton, Rolette North Dakota
45%
Kent, New Castle, Sussex Delaware
43%
Clackamas, Multnomah, Tillamook Oregon
42%
Caribou, Gem, Kootenai Idaho
41%
Bourbon, Fayette, Trimble Kentucky
41%
Bibb, Cherokee, Gwinnett Georgia
36%
Churchill, Elko, Washoe Nevada
34%
Ascension, Evangeline, Plaquemines Louisiana
30%
Marion, Tippecanoe, Vanderburgh Indiana
29%
Hennepin, Olmsted, Watonwan Minnesota
29%
Hillsborough, Merrimack, Rockingham New Hampshire
29%
DuPage, Sangamon, Tazewell Illinois
28%
Chittenden, Essex, Windham Vermont
28%
Nuckolls, Sarpy, Sioux Nebraska
27%
Kanawha, Monongalia, Wetzel West Virginia
24%
Cecil, Harford, Wicomico Maryland
22%
DeSoto, Rankin, Sunflower Mississippi
21%
Craighead, Faulkner, Little River Arkansas
20%
Grundy, Kossuth, Wapello Iowa
19%
Codington, Minnehaha, Pennington South Dakota
19%
Maury, Rutherford, Sequatchie Tennessee
15%
No matching quizzes found
Score Distribution
Percent of People with Each Score
Percentile by Number Answered
Your Score History
You have not taken this quiz